00457nam a2200169Ia 4500008004100000100001500041245006900056260003800125300001200163650001800175650002300193650001300216650001100229650001800240700001800258700001100276220216s9999 xx 000 0 und d aHolzer C H 0aProcessing related rheological determination of an EPDM-compound bKautschuk Gummi Kunststoffec1997 a648-652 aEnergybalance aInjection-moulding aRheology aRubber aWall-slipping aLangecker G R aLeoben